Liszt
Enregistré dans:
| Auteur principal: | |
|---|---|
| Format: | Livre |
| Langue: | espagnol |
| Publié: |
Buenos Aires
Ricordi Americana
1944
|
| Sujets: | |
| Tags: |
Ajouter un tag
Pas de tags, Soyez le premier à ajouter un tag!
|
MARC
| LEADER | 00000nam a2200000 a 4500 | ||
|---|---|---|---|
| 001 | UCN1693 | ||
| 003 | CL-VaPUC | ||
| 005 | 20230804112744.0 | ||
| 008 | 010427e19440000AG |||||||||||||||||spa|d | ||
| 999 | |c 294941 |d 294939 | ||
| 040 | |c Pontificia Universidad Católica de Valparaíso | ||
| 082 | 0 | 4 | |a 780.92 |b HUR |2 21 |
| 100 | |a Hurtado, Leopoldo |e author |9 459783 | ||
| 245 | 1 | 0 | |a Liszt |
| 260 | |a Buenos Aires |b Ricordi Americana |c 1944 | ||
| 300 | |a 147 p | ||
| 583 | |a last modification |c 20010427 00:00:00 |k Rodrigo Vera | ||
| 600 | 0 | |a Liszt, Franz, |d 1811-1886 |9 614058 | |
| 650 | 0 | |a Compositores húngaros |9 456630 | |
| 650 | 7 | |a MUSICOS HUNGAROS |2 CL-VaPUC |9 456979 | |
| 650 | 0 | |a Pianistas |9 306502 | |
| 650 | 7 | |a MUSICA SIGLO 19 |2 CL-VaPUC |9 456980 | |
| 942 | |c BK |2 ddc | ||
| 945 | |d 20010427 00:00:00 |a crobeson | ||